000 00602nam a2200217 i 4500
001 C2-0308260
003 PPAK
005 20180728095043.0
008 110425s1990 my a|||| ||||| | may d
040 _aPPAK
_beng
_cPPAK
_erda
082 0 4 _a751.4
_223
090 0 0 _a751.4
_bPEM
_dR
245 0 0 _aPemandangan Malaysia
264 1 _aNegeri Sembilan :
_bBalai Seni Lukis Negara ,
_c1990
300 _a[n.p.] :
_bcolour illustrations ;
_c24 cm
336 _2rdacontent
_atext
337 _2rdamedia
_aunmediated
338 _2rdacarrier
_avolume
650 1 0 _aPainting and paintings
942 _ddc
_cB
999 _c110877
_d110877